[Event "Vaujany op 4th"]
[Site "Vaujany"]
[Date "2013.07.17"]
[Round "7"]
[White "Adda, Olivier"]
[Black "Borderie, David"]
[Result "1-0"]
[WhiteElo "2132"]
[BlackElo "1996"]
[PlyCount "103"]
[EventDate "2013.07.11"]
[EventType "swiss"]
[EventRounds "9"]
[EventCountry "FRA"]
[SourceTitle "EXT 2014"]
[Source "ChessBase"]
[SourceDate "2013.11.20"]
[SourceVersion "1"]
[SourceVersionDate "2013.11.20"]
[SourceQuality "1"]

1. d4 d5 2. Nf3 Nc6 3. c4 Bg4 4. Nc3 e6 5. Bf4 Bb4 6. e3 Nge7 7. Bd3 dxc4 8. Bxc4 Nd5 9. Bxd5 exd5 10. 0-0 Bxc3 11. bxc3 0-0 12. Rb1 b6 13. h3 Be6 14. Re1 Na5 15. Nd2 Re8 16. f3 f6 17. e4 dxe4 18. fxe4 Bxa2 19. Rb2 Bf7 20. d5 f5 21. c4 fxe4 22. Nxe4 Nxc4 23. Rbe2 Nd6 24. Ng5 Rxe2 25. Qxe2 Qf6 26. Qc2 Bg6 27. Qxc7 Ne8 28. Qb7 Qc3 29. Re7 Qc8 30. d6 Qxb7 31. Rxb7 Nf6 32. Ne6 Bf7 33. Nc7 Rd8 34. Rxa7 Nd5 35. Bg5 Nf6 36. Rb7 h6 37. Bxf6 gxf6 38. Rxb6 Rd7 39. Kf2 Kg7 40. Ke3 f5 41. Kf4 Kf6 42. g3 Bc4 43. h4 Bf7 44. Ra6 Bc4 45. Ra5 Bd3 46. Re5 Kf7 47. Re6 h5 48. Ke5 Be4 49. Rh6 Kg7 50. Rxh5 Kg6 51. Rg5+ Kh6 52. Ke6 1-0

[Event "Vaujany op 3rd"]
[Site "Vaujany"]
[Date "2012.07.12"]
[Round "1"]
[White "Borderie, David"]
[Black "Di Nicolantonio, Lucas"]
[Result "0-1"]
[WhiteElo "1986"]
[BlackElo "2321"]
[PlyCount "56"]
[EventDate "2012.07.12"]
[EventType "swiss"]
[EventRounds "9"]
[EventCountry "FRA"]
[SourceTitle "CBM 149 Extra"]
[Source "ChessBase"]
[SourceDate "2012.08.24"]
[SourceVersion "1"]
[SourceVersionDate "2012.08.24"]
[SourceQuality "1"]

1. Nf3 Nf6 2. c4 e6 3. Nc3 d5 4. e3 Be7 5. b3 0-0 6. Bb2 c5 7. d4 Nc6 8. Be2 b6 9. 0-0 Bb7 10. dxc5 bxc5 11. cxd5 exd5 12. Rc1 Rc8 13. Na4 Ne4 14. Ne1 Bd6 15. Bd3 Nb4 16. Bb1 Ba6 17. Nd3 Qh4 18. h3 Ng5 19. Re1 Nxh3+ 20. gxh3 Nxd3 21. Bxd3 Qxh3 22. f4 Bxf4 23. exf4 Bxd3 24. Qd2 Rc6 25. Re5 h6 26. f5 Bxf5 27. Qxd5 Rg6+ 28. Kf2 Qh2+ 0-1

[Event "Vaujany op-A 2nd"]
[Site "Vaujany"]
[Date "2011.07.16"]
[Round "3"]
[White "Borderie, David"]
[Black "Fuhrmann, Valentin"]
[Result "1-0"]
[WhiteElo "2005"]
[BlackElo "1860"]
[PlyCount "61"]
[EventDate "2011.07.14"]
[EventType "swiss"]
[EventRounds "9"]
[EventCountry "FRA"]
[SourceTitle "EXT 2012"]
[Source "ChessBase"]
[SourceDate "2011.11.24"]
[SourceVersion "1"]
[SourceVersionDate "2011.11.24"]
[SourceQuality "1"]

1. Nf3 Nf6 2. c4 Nc6 3. d4 e6 4. Nc3 Bb4 5. a3 Bxc3+ 6. bxc3 d6 7. Qd3 0-0 8. e4 e5 9. d5 Ne7 10. c5 Ne8 11. cxd6 cxd6 12. Nd2 f5 13. f3 f4 14. g4 Ng6 15. Qe2 Bd7 16. Rb1 b6 17. Qf2 Rc8 18. c4 Nc7 19. a4 Bxa4 20. Ra1 Qd7 21. Ba3 Ne8 22. c5 bxc5 23. Nc4 Bb5 24. Qb2 a6 25. Nb6 Qd8 26. Nxc8 Qxc8 27. Bxb5 axb5 28. Qxb5 Rf7 29. Rb1 Qa8 30. Bc1 Qa2 31. Qxe8+ 1-0

[Event "Val Thorens op 33th"]
[Site "Val Thorens"]
[Date "2007.07.19"]
[Round "5"]
[White "Borderie, David"]
[Black "Jeannerot, Lea"]
[Result "1-0"]
[WhiteElo "2093"]
[BlackElo "1936"]
[PlyCount "45"]
[EventDate "2007.07.14"]
[EventType "swiss"]
[EventRounds "9"]
[EventCountry "FRA"]
[SourceTitle "EXT 2010"]
[Source "ChessBase"]
[SourceDate "2010.11.25"]
[SourceVersion "1"]
[SourceVersionDate "2010.11.25"]
[SourceQuality "1"]

1. Nf3 Nf6 2. c4 e6 3. Nc3 d5 4. e3 b6 5. b3 Bb7 6. Bb2 a6 7. Be2 Bd6 8. cxd5 exd5 9. Qc2 Nbd7 10. d4 h6 11. Rg1 0-0 12. g4 Ne4 13. g5 Nxg5 14. Nxg5 hxg5 15. Qf5 Nf6 16. Qxg5 g6 17. h4 Ne4 18. Nxe4 dxe4 19. Qh6 Bb4+ 20. Kd1 Qf6 21. Bc4 Qf3+ 22. Kc1 Bd2+ 23. Kc2 1-0